Guía práctica para el currículo y la instrucción /

Guardado en:
Autor Principal: Christine, Charles T.
Otros Autores: Christine, Dorothy
Formato: Libro
Publicado: Buenos Aires : Guadalupe, 1978
Edición:2a. ed.
Series:Biblioteca Pedagógica
Materias:
Etiquetas: Agregar Etiqueta
Sin Etiquetas, Sea el primero en etiquetar este registro!
LEADER 00687nam a22002175a 4500
001 CEM.cems001667
005 20060214000000.0
008 130507s1978##################000#0#####d
003 CEMS
082 0 4 |a 379.15 
100 1 |a Christine, Charles T. 
245 1 0 |a Guía práctica para el currículo y la instrucción /  |c Charles T. Christine 
250 |a 2a. ed. 
260 |a Buenos Aires :  |b Guadalupe,  |c 1978 
300 |a 254 p. 
490 0 |a Biblioteca Pedagógica 
653 |a Curriculum 
653 |a Educacion 
700 1 |a Christine, Dorothy 
859 |a CEMS  |b BIB. CEMS - 11 de abril  |h 379.15  |i Ch463a2  |p 14247.86  |t Ej.2 
859 |a CEMS  |b BIB. CEMS - 11 de abril  |h 379.15  |i Ch463a2  |p 7991.80  |t Ej.1